000 00268nam a2200097Ia 4500
001 760625
005 20250826165152.0
008 250824s9999 xx 000 0 und d
245 0 _aMONTESSORİ YÖNTEMİYLE ÇOCUK EĞİTİMİ
_cERİMAN TOPBAŞ
260 _bPANAMA YAYINLARI
999 _c760625
_d760625